[Event "Wch U16"]
[Site "Khanty-Mansiysk"]
[Date "2016.09.26"]
[Round "5"]
[White "Hiebert, Kenji"]
[Black "Wang, Ting Hao"]
[Result "1-0"]
[WhiteElo "2066"]
[BlackElo "1618"]
[PlyCount "65"]
[EventDate "2016.09.22"]
[EventType "swiss"]
[EventRounds "11"]
[EventCountry "RUS"]
[SourceTitle "EXT 2017"]
[Source "ChessBase"]
[SourceDate "2016.10.25"]
[SourceVersion "1"]
[SourceVersionDate "2016.10.25"]
[SourceQuality "1"]

1. e4 d5 2. exd5 Qxd5 3. Nc3 Qd6 4. d4 Nf6 5. Nf3 Bg4 6. h3 Bh5 7. g4 Bg6 8. Ne5 e6 9. h4 Qd8 10. Bg2 c6 11. h5 Bxc2 12. Qxc2 Qxd4 13. Qe2 Bd6 14. f4 Bxe5 15. Qxe5 Qxe5+ 16. fxe5 Nxg4 17. Nb5 Kd7 18. Nd6 Nxe5 19. Nxb7 Nd3+ 20. Ke2 Kc7 21. Na5 Nb4 22. Bf4+ Kc8 23. Rac1 Nd5 24. Bxd5 exd5 25. Nxc6 Nxc6 26. Rxc6+ Kb7 27. Rc7+ Ka6 28. Rxf7 Rhf8 29. Rxf8 Rxf8 30. Be3 h6 31. Rg1 Re8 32. Kd3 Re5 33. Rxg7 1-0

[Event "Asian Schools-ch  U15"]
[Site "Taichung"]
[Date "2014.08.26"]
[Round "5"]
[White "Wang, Ting Hao"]
[Black "Minbayev, Bolatbek"]
[Result "1/2-1/2"]
[WhiteElo "1604"]
[BlackElo "1898"]
[PlyCount "47"]
[EventDate "2014.08.24"]
[EventType "swiss"]
[EventRounds "9"]
[EventCountry "TPE"]
[SourceTitle "EXT 2018"]
[Source "ChessBase"]
[SourceDate "2017.10.13"]
[SourceVersion "1"]
[SourceVersionDate "2017.10.13"]
[SourceQuality "1"]

1. e4 e5 2. Nf3 Nc6 3. d4 exd4 4. Nxd4 Qh4 5. Nc3 Bb4 6. Ndb5 Qd8 7. Nd4 Nge7 8. Nxc6 Nxc6 9. Bd3 0-0 10. 0-0 Ne5 11. Bf4 Ng6 12. Bg3 d6 13. Nd5 Bc5 14. Kh1 f5 15. f4 fxe4 16. Bxe4 Bf5 17. Bxf5 Rxf5 18. Qd3 Qd7 19. Nxc7 Raf8 20. Nd5 Ne7 21. Nxe7+ Qxe7 22. Rfe1 Qf6 23. Qb3+ d5 24. Rad1 1/2-1/2